| 000 | 00456nam a22001937a 4500 | ||
|---|---|---|---|
| 003 | OSt | ||
| 005 | 20180116183058.0 | ||
| 008 | 161026b xxu||||| |||| 00| 0 eng d | ||
| 020 | _a0312971540 | ||
| 040 | _c0 | ||
| 082 | _a823.914 SMI 1999 | ||
| 100 | _aSmith,Wilbur | ||
| 245 |
_aMonsoon _cWilbur Smith |
||
| 260 |
_aGreat Britain _bSt.Martin's Paperbacks _c1999. |
||
| 300 |
_a822p. _bPB. |
||
| 440 | _aMonsoon | ||
| 500 | _aPB. | ||
| 942 |
_2ddc _cBK |
||
| 999 |
_c351903 _d351903 |
||